000
00271nam a22001217a 4500
003
SGT
082
_a
320
_b
B90B
100
_a
BHUSHAN, PRASHANT
245
_a
BOFORS: THE SELLING OF A NATION
260
_b
VISION BOOKS PVT. LTD
_c
1990
300
_a
275
942
_2
ddc
_c
BK
999
_c
31920
_d
31920